| 000 | 00529nam a22001937a 4500 | ||
|---|---|---|---|
| 005 | 20250828152344.0 | ||
| 008 | 250828b |||||||| |||| 00| 0 eng d | ||
| 037 | _cTB | ||
| 040 |
_aCRL _cCRL |
||
| 041 |
_2eng _aeng |
||
| 084 | _qTB | ||
| 100 | _aShastri, Lal Bahadur | ||
| 245 | _aReport on Bonded Labour. | ||
| 260 |
_aMussoorie, India: _blal Bahadur shastri national Academy, _c1973. |
||
| 300 | _a73p. | ||
| 440 | _vvol. 3 | ||
| 942 |
_2CC _cTB _n0 |
||
| 999 |
_c1434949 _d1434949 |
||